Integration to the Europe Chance for Non-member Countries Economies

Uložené v:
Podrobná bibliografia
Hlavný autor: Baláž, Peter
Médium: Kapitola
Jazyk:English
Tagy: Pridať tag
Žiadne tagy, Buďte prvý, kto otaguje tento záznam!

MARC

LEADER 00000nla a2200000 4500
001 0240790
005 20240502083645.9
041 0 |a eng 
044 |a ES 
245 1 0 |a Integration to the Europe  |b Chance for Non-member Countries Economies  |c Peter Baláž 
100 1 |a Baláž, Peter